[Event "Winnipeg op"]
[Site "Winnipeg CAN"]
[Date "2019.07.30"]
[Round "8.13"]
[White "Jenkins, Mark"]
[Black "Myrzaibraimova, Alia"]
[Result "1-0"]
[WhiteElo "1438"]
[BlackElo "1208"]
[PlyCount "111"]
[EventDate "2019.06.04"]
[EventType "swiss"]
[EventRounds "8"]
[EventCountry "CAN"]

1. d4 d5 2. c4 c6 3. Nf3 Nf6 4. Nc3 Be6 5. cxd5 cxd5 6. e3 Nbd7 7. Bd3 g6 8.
O-O Bg7 9. Bd2 O-O 10. Qe2 Rc8 11. Rfc1 Qb6 12. Rc2 Rc6 13. b3 Rfc8 14. Rac1
Ne4 15. Nxe4 dxe4 16. Bxe4 Rxc2 17. Rxc2 Rxc2 18. Bxc2 Qd6 19. Bc1 Qd5 20. h3
Bf5 21. e4 Qe6 22. d5 Qf6 23. Qd2 Bxh3 24. Qf4 Qxf4 25. Bxf4 Bg4 26. Be3 Bxf3
27. gxf3 a6 28. Bg5 Bf6 29. Bf4 e5 30. dxe6 fxe6 31. Bd3 Ne5 32. Be2 g5 33. Be3
h5 34. f4 gxf4 35. Bxf4 h4 36. Kg2 Ng6 37. Bh2 Kg7 38. Bg4 e5 39. Bc8 b6 40.
Bxa6 Nf4+ 41. Kf1 h3 42. Bc8 Kg6 43. Bxf4 exf4 44. Bxh3 Kf7 45. Ke2 Ke7 46. Kd3
b5 47. a4 bxa4 48. bxa4 Kd6 49. Kc4 Kc6 50. Bf1 f3 51. Bh3 Bh4 52. Bg4 Bxf2 53.
Bxf3 Bc5 54. e5+ Kb6 55. a5+ Kxa5 56. Kxc5 1-0

[Event "Yanofsky mem. U1800"]
[Site "Winnipeg CAN"]
[Date "2019.08.30"]
[Round "1.1"]
[White "Piche, Zachary"]
[Black "Samson, Larry"]
[Result "0-1"]
[WhiteElo "1519"]
[BlackElo "1726"]
[PlyCount "68"]
[EventDate "2019.08.30"]
[EventType "swiss"]
[EventRounds "5"]
[EventCountry "CAN"]

1. Nf3 Nf6 2. c4 g6 3. Nc3 Bg7 4. g3 d6 5. Bg2 O-O 6. O-O Nbd7 7. Rb1 e5 8. d3
c6 9. Qc2 Qe7 10. b4 Rb8 11. a4 h6 12. Bd2 Re8 13. b5 c5 14. e3 b6 15. d4 Bb7
16. dxe5 Nxe5 17. Nxe5 dxe5 18. Rfd1 Bxg2 19. Kxg2 e4 20. Ne2 Qe6 21. Nf4 Qf5
22. a5 g5 23. Nd5 Nxd5 24. cxd5 Rbd8 25. axb6 axb6 26. Bc3 Rxd5 27. Bxg7 Kxg7
28. Qb3 Red8 29. Rxd5 Rxd5 30. Qc3+ Kg8 31. Ra1 Rd8 32. Ra6 Qf3+ 33. Kf1 Rd1+
34. Qe1 Rxe1+ 0-1

[Event "Yanofsky mem. U1800"]
[Site "Winnipeg CAN"]
[Date "2019.08.30"]
[Round "1.2"]
[White "MacPherson, Al"]
[Black "Myrzaibraimova, Aibike"]
[Result "1-0"]
[WhiteElo "1704"]
[BlackElo "1503"]
[PlyCount "75"]
[EventDate "2019.08.30"]
[EventType "swiss"]
[EventRounds "5"]
[EventCountry "CAN"]

1. d4 d5 2. c4 e6 3. Nc3 Nf6 4. Nf3 Be7 5. Bf4 O-O 6. e3 b6 7. Rc1 Nbd7 8. a3
Bb7 9. cxd5 exd5 10. Bd3 c5 11. h3 Re8 12. Nb5 Rf8 13. Nd6 Bxd6 14. Bxd6 Re8
15. O-O Re6 16. dxc5 bxc5 17. Bxc5 Nxc5 18. Rxc5 Qd6 19. Qc2 Bc6 20. Nd4 Ba4
21. Qc1 Ree8 22. Nb5 Bxb5 23. Bxb5 Red8 24. Rd1 Rab8 25. b4 Qe6 26. Be2 d4 27.
Bc4 Qe4 28. exd4 Rxd4 29. Rxd4 Qxd4 30. Bf1 Qd8 31. Rc7 Ra8 32. Be2 Ne8 33. Rc5
Kf8 34. Bf3 Rb8 35. Rg5 Rc8 36. Rc5 Rb8 37. Bg4 Nd6 38. Rd5 1-0

[Event "Yanofsky mem. U1800"]
[Site "Winnipeg CAN"]
[Date "2019.08.30"]
[Round "1.3"]
[White "Ott, Richard"]
[Black "Melnyk, Jim"]
[Result "0-1"]
[WhiteElo "1482"]
[BlackElo "1703"]
[PlyCount "112"]
[EventDate "2019.08.30"]
[EventType "swiss"]
[EventRounds "5"]
[EventCountry "CAN"]

1. d4 c6 2. c4 Qc7 3. Nf3 d6 4. h3 Bf5 5. Nc3 Nd7 6. e3 Ngf6 7. Be2 e5 8. g4
Bg6 9. Bd2 Be7 10. Rc1 h6 11. b4 a6 12. a3 Ne4 13. Nxe4 Bxe4 14. O-O f5 15. Nh2
fxg4 16. Bxg4 O-O 17. Be6+ Kh7 18. Qg4 Nf6 19. Bf5+ Bxf5 20. Qxf5+ Kh8 21. Bc3
Nd5 22. Qg4 Nxc3 23. Rxc3 exd4 24. exd4 Rf6 25. Rg3 Rf7 26. Re1 Bf6 27. Rge3
Raf8 28. Nf3 Re7 29. d5 Rfe8 30. Re6 Rf8 31. Nh4 Bxh4 32. Qxh4 Ref7 33. Re8 Kg8
34. Rxf8+ Kxf8 35. Re6 cxd5 36. Kg2 dxc4 37. Qe4 Qc6 38. Qxc6 bxc6 39. Rxd6 Rf6
40. Rd2 Ke7 41. Rc2 Rf4 42. Kg3 g5 43. Re2+ Kd7 44. Rd2+ Kc7 45. Rc2 Kb6 46.
Rc3 Kb5 47. Kg2 Ka4 48. f3 Rd4 49. Kg3 Kb5 50. Kf2 Rd3 51. Rxd3 cxd3 52. Ke1
Kc4 53. Kd2 Kd4 54. a4 Kc4 55. b5 cxb5 56. axb5 axb5 0-1

[Event "Yanofsky mem. U1800"]
[Site "Winnipeg CAN"]
[Date "2019.08.30"]
[Round "1.4"]
[White "Trinidad, Kris"]
[Black "Gannon, Keith"]
[Result "1-0"]
[WhiteElo "1642"]
[BlackElo "1470"]
[PlyCount "77"]
[EventDate "2019.08.30"]
[EventType "swiss"]
[EventRounds "5"]
[EventCountry "CAN"]

1. e4 Nc6 2. d4 e6 3. Nf3 d6 4. Bb5 Bd7 5. O-O a6 6. Ba4 Be7 7. c4 Nf6 8. Nc3
O-O 9. Bc2 Nb4 10. Bb1 c5 11. Be3 Ng4 12. Bf4 a5 13. b3 Nf6 14. Re1 b6 15. a3
Na6 16. e5 dxe5 17. dxe5 Ne8 18. Be4 Rb8 19. Qc2 g6 20. Rad1 Qc8 21. Rd2 Bc6
22. Red1 Bxe4 23. Nxe4 Nac7 24. Rd7 Bd8 25. Rxd8 Qxd8 26. Rxd8 Rxd8 27. Bh6 Ng7
28. Nf6+ Kh8 29. Ng5 Rd4 30. g3 Rdd8 31. Ngxh7 Rg8 32. Nxg8 Rxg8 33. Nf6 Rd8
34. Bxg7+ Kxg7 35. Qe4 Rd1+ 36. Kg2 b5 37. Qh4 Kf8 38. cxb5 Nxb5 39. Qh8+ 1-0

[Event "Yanofsky mem. U1800"]
[Site "Winnipeg CAN"]
[Date "2019.08.30"]
[Round "1.5"]
[White "Trueman, Francis"]
[Black "Eckert, Ethan"]
[Result "0-1"]
[WhiteElo "1462"]
[BlackElo "1620"]
[PlyCount "90"]
[EventDate "2019.08.30"]
[EventType "swiss"]
[EventRounds "5"]
[EventCountry "CAN"]

1. e4 e6 2. Nf3 d5 3. exd5 exd5 4. d3 Nf6 5. g3 Bg4 6. Bg2 Qe7+ 7. Qe2 Qxe2+ 8.
Kxe2 Nc6 9. c3 O-O-O 10. Re1 Bc5 11. h3 Rhe8+ 12. Kf1 Bxf3 13. Bxf3 Rxe1+ 14.
Kxe1 Ne5 15. Be2 Re8 16. Kf1 d4 17. c4 h5 18. Bg5 Nh7 19. Bf4 Ng6 20. Bd2 h4
21. Bh5 hxg3 22. fxg3 Bd6 23. Bxg6 fxg6 24. Kg2 Nf6 25. g4 Re2+ 26. Kf3 Rh2 27.
g5 Rxh3+ 28. Ke2 Nd7 29. Na3 Rh2+ 30. Kd1 Rh1+ 31. Be1 Bg3 32. Nc2 Nc5 33. Ke2
Rh2+ 34. Kd1 Bxe1 35. Nxe1 Rxb2 36. Nc2 Nxd3 37. Nxd4 Rh2 38. Rb1 Rxa2 39. Ne6
Kd7 40. Nxg7 Rh2 41. Rxb7 Rh7 42. Kc2 Nf4 43. Rxa7 Rxg7 44. Ra6 Ne6 45. Kd3
Nc5+ 0-1

[Event "Yanofsky mem. U1800"]
[Site "Winnipeg CAN"]
[Date "2019.08.30"]
[Round "1.6"]
[White "Remillard, John"]
[Black "Marshall, Ken"]
[Result "0-1"]
[WhiteElo "1598"]
[BlackElo "1460"]
[PlyCount "121"]
[EventDate "2019.08.30"]
[EventType "swiss"]
[EventRounds "5"]
[EventCountry "CAN"]

1. e4 e5 2. Nf3 Nc6 3. d4 exd4 4. Nxd4 Qf6 5. Nf3 Bc5 6. c3 h6 7. Bc4 Ne5 8.
Be2 d6 9. O-O Bg4 10. Nbd2 Ne7 11. b4 Bb6 12. Bb2 a6 13. Qb3 Nxf3+ 14. Nxf3 O-O
15. c4 Qg6 16. Qd3 Rfe8 17. c5 dxc5 18. Ne5 Bxe2 19. Qxe2 Qe6 20. bxc5 Bxc5 21.
Rfd1 Rad8 22. Kf1 Nc6 23. Rxd8 Rxd8 24. Nxc6 Qxc6 25. Rc1 b6 26. Qc4 Qb5 27.
Qxb5 axb5 28. Ke2 Ra8 29. Ra1 b4 30. f3 Be7 31. Be5 Bf6 32. Bxf6 gxf6 33. Kd3
Ra3+ 34. Kc2 Kf8 35. Kb2 Ke7 36. Rd1 Re3 37. Rd2 c5 38. h3 Ke6 39. h4 f5 40.
exf5+ Kxf5 41. Rd6 Re6 42. g4+ Kf4 43. Rd7 Kxf3 44. Rxf7+ Kxg4 45. a4 bxa3+ 46.
Kxa3 Kxh4 47. Kb3 h5 48. Rg7 Re3+ 49. Kc4 Re4+ 50. Kb5 Kh3 51. Kxb6 c4 52. Rg5
h4 53. Rg1 Kh2 54. Rc1 h3 55. Kc5 Kg3 56. Rc3+ Kh4 57. Rc2 Rf4 58. Kb4 Kg3 59.
Rc3+ Rf3 60. Kxc4 Rxc3+ 61. Kxc3 0-1

[Event "Yanofsky mem. U1800"]
[Site "Winnipeg CAN"]
[Date "2019.08.30"]
[Round "1.7"]
[White "Mandusic, Ante"]
[Black "Myrzaibraimov, Azamat"]
[Result "0-1"]
[WhiteElo "1204"]
[BlackElo "1591"]
[PlyCount "82"]
[EventDate "2019.08.30"]
[EventType "swiss"]
[EventRounds "5"]
[EventCountry "CAN"]

1. e4 e6 2. d3 c6 3. Nc3 Bb4 4. Bd2 d5 5. g3 d4 6. Nce2 Qb6 7. a3 Bxd2+ 8. Qxd2
Qxb2 9. Qd1 e5 10. Bg2 b6 11. Nf3 Nd7 12. O-O Ne7 13. Qc1 Qxc1 14. Nxc1 f6 15.
Ne2 b5 16. c3 c5 17. cxd4 cxd4 18. Rac1 Nb6 19. Rc2 O-O 20. Nc1 Ba6 21. Bh3 b4
22. axb4 Rab8 23. Rc7 Rb7 24. Rxb7 Bxb7 25. Nb3 Ba6 26. Nc5 Bb5 27. Ra1 Nc6 28.
Rb1 g5 29. Be6+ Kg7 30. Nd2 Na4 31. Bd7 Nxc5 32. bxc5 a6 33. Bxc6 Bxc6 34. Rb6
Bb5 35. Nc4 Rc8 36. Rb7+ Kg8 37. Nd6 Rxc5 38. Rb8+ Kg7 39. Nf5+ Kf7 40. Nd6+
Ke6 41. Rd8 Bxd3 0-1

[Event "Yanofsky mem. U1800"]
[Site "Winnipeg CAN"]
[Date "2019.08.30"]
[Round "1.8"]
[White "Reimer, Bruce"]
[Black "Myrzaibraimova, Alia"]
[Result "1-0"]
[WhiteElo "1580"]
[BlackElo "1004"]
[PlyCount "71"]
[EventDate "2019.08.30"]
[EventType "swiss"]
[EventRounds "5"]
[EventCountry "CAN"]

1. c4 e5 2. g3 Nf6 3. Bg2 d5 4. cxd5 Nxd5 5. Nc3 Nxc3 6. bxc3 Bc5 7. e3 Bd6 8.
Ne2 O-O 9. O-O c5 10. d4 cxd4 11. cxd4 exd4 12. Nxd4 Be5 13. Bb2 Nc6 14. Nxc6
Qxd1 15. Ne7+ Kh8 16. Rfxd1 Bxb2 17. Rab1 Ba3 18. Nxc8 Rfxc8 19. Bxb7 Re8 20.
Bxa8 Rxa8 21. Rd7 Kg8 22. Rbb7 Rf8 23. Rxa7 Bc5 24. Rac7 Bb6 25. Rb7 Bc5 26. a4
h6 27. a5 g5 28. a6 Ra8 29. a7 f6 30. Rb8+ Rxb8 31. axb8=Q+ Bf8 32. Rd8 Kg7 33.
Rxf8 Kg6 34. g4 h5 35. Rg8+ Kf7 36. Qe8# 1-0

[Event "Yanofsky mem. U1800"]
[Site "Winnipeg CAN"]
[Date "2019.08.31"]
[Round "2.1"]
[White "Samson, Larry"]
[Black "Reimer, Bruce"]
[Result "1-0"]
[WhiteElo "1726"]
[BlackElo "1580"]
[PlyCount "71"]
[EventDate "2019.08.30"]
[EventType "swiss"]
[EventRounds "5"]
[EventCountry "CAN"]

1. e4 d6 2. d4 g6 3. Nc3 Bg7 4. Be3 a6 5. Qd2 Nf6 6. f3 b5 7. O-O-O Bb7 8. Kb1
O-O 9. h4 Nbd7 10. Nh3 c5 11. d5 b4 12. Ne2 a5 13. Bh6 a4 14. h5 b3 15. cxb3
axb3 16. a3 Ne5 17. Nc3 Ba6 18. hxg6 fxg6 19. Bxg7 Kxg7 20. Bxa6 Rxa6 21. Ng5
Nc4 22. Qc1 Rh8 23. Ne6+ Kf7 24. Nxd8+ Rxd8 25. Rd3 Rda8 26. Nb5 Ra5 27. Qxc4
Ra4 28. Qxb3 c4 29. Qc2 cxd3 30. Qxd3 R4a5 31. Rc1 Rb8 32. Nd4 Nd7 33. Nc6 Nc5
34. Rxc5 Rxb2+ 35. Kxb2 Rxc5 36. a4 1-0

[Event "Yanofsky mem. U1800"]
[Site "Winnipeg CAN"]
[Date "2019.08.31"]
[Round "2.2"]
[White "Myrzaibraimov, Azamat"]
[Black "MacPherson, Al"]
[Result "1-0"]
[WhiteElo "1591"]
[BlackElo "1704"]
[PlyCount "106"]
[EventDate "2019.08.30"]
[EventType "swiss"]
[EventRounds "5"]
[EventCountry "CAN"]

1. c4 c5 2. g3 Nf6 3. Bg2 e6 4. Nf3 d5 5. Na3 Be7 6. Ne5 O-O 7. cxd5 exd5 8. b3
Nc6 9. Nxc6 bxc6 10. Nc2 Bf5 11. d3 a5 12. Bb2 Qb6 13. O-O a4 14. Ne3 Be6 15.
Qc2 a3 16. Bc1 Ne8 17. Rb1 Nc7 18. Qd2 Nb5 19. Nd1 Bf6 20. Qf4 Nd4 21. Qd2 Qb4
22. e3 Nb5 23. Qxb4 cxb4 24. h3 Nc3 25. Nxc3 bxc3 26. d4 c5 27. b4 cxd4 28.
exd4 Bxd4 29. Rb3 Bf6 30. f4 d4 31. Rxa3 Rxa3 32. Bxa3 Bxa2 33. Be4 Re8 34. Re1
g6 35. Kf2 Bc4 36. Bc6 Rxe1 37. Kxe1 Be7 38. Bf3 Kf8 39. Kd1 Ke8 40. Kc2 Kd7
41. Be4 f5 42. Bd3 Bd5 43. Bb5+ Kc7 44. Kd3 Bf6 45. Ba4 Be4+ 46. Kc4 d3 47. b5
c2 48. Bc1 Bd8 49. Kc5 Kb7 50. Kb4 Bb6 51. g4 Bf2 52. Bd2 Be1 53. Kc3 c1=Q+ 1-0

[Event "Yanofsky mem. U1800"]
[Site "Winnipeg CAN"]
[Date "2019.08.31"]
[Round "2.3"]
[White "Melnyk, Jim"]
[Black "Furda, Ievgeniia-Diana"]
[Result "1-0"]
[WhiteElo "1703"]
[BlackElo "1553"]
[PlyCount "73"]
[EventDate "2019.08.30"]
[EventType "swiss"]
[EventRounds "5"]
[EventCountry "CAN"]

1. e4 e5 2. Nf3 Nc6 3. Bc4 Nf6 4. O-O Be7 5. Re1 O-O 6. d4 Nxe4 7. dxe5 Nc5 8.
Nc3 Ne6 9. Nd5 Bc5 10. c3 d6 11. b4 Bb6 12. Nxb6 axb6 13. exd6 cxd6 14. a4 Qf6
15. Bb2 Rd8 16. Re2 Nf4 17. Re3 Qg6 18. Ne1 Bf5 19. Rg3 Qh6 20. Bc1 d5 21. Bd3
Ne7 22. Qf3 Bxd3 23. Bxf4 Be4 24. Bxh6 Bxf3 25. Rxg7+ Kh8 26. Nxf3 Nf5 27. Rxf7
Nxh6 28. Rxb7 Rd6 29. Nd4 Rc8 30. Rc1 Rg8 31. f3 Ra8 32. Ra1 Rdd8 33. Ra3 Rf8
34. a5 bxa5 35. Rxa5 Nf5 36. Nxf5 Rxf5 37. Rxa8+ 1-0

[Event "Yanofsky mem. U1800"]
[Site "Winnipeg CAN"]
[Date "2019.08.31"]
[Round "2.4"]
[White "Marshall, Carter"]
[Black "Trinidad, Kris"]
[Result "1-0"]
[WhiteElo "1555"]
[BlackElo "1642"]
[Annotator "aboro"]
[PlyCount "72"]
[EventDate "2019.08.30"]
[EventType "swiss"]
[EventRounds "5"]
[EventCountry "CAN"]

1. e4 c5 2. d4 cxd4 3. c3 dxc3 4. Nxc3 d6 5. Bc4 Nf6 6. Nf3 Bg4 7. e5 Bxf3 8.
Qxf3 dxe5 9. Qxb7 Nbd7 10. Nd5 Rc8 11. Nxf6+ exf6 12. Qd5 Bb4+ 13. Kf1 O-O 14.
Be3 Nb6 15. Qxd8 Rfxd8 16. Bb3 f5 17. g3 Nc4 18. Bxc4 Rxc4 19. Bxa7 g5 20. Kg2
Rd2 21. b3 Re2 22. Be3 Rcc2 23. a3 Bc3 24. Rac1 f4 25. Rxc2 Rxc2 26. Rc1 Rxc1
27. Bxc1 Kf8 28. Kf3 f5 29. gxf4 gxf4 30. b4 Ke7 31. Ke2 Kd6 32. Bd2 Bd4 33. f3
Kc6 34. a4 h5 35. b5+ Kc5 36. Be1 Kc4 {
Scoresheets have been unclear - White eventually won} 1-0

[Event "Yanofsky mem. U1800"]
[Site "Winnipeg CAN"]
[Date "2019.08.31"]
[Round "2.5"]
[White "Eckert, Ethan"]
[Black "Leaden, Bruce"]
[Result "1-0"]
[WhiteElo "1620"]
[BlackElo "1514"]
[PlyCount "51"]
[EventDate "2019.08.30"]
[EventType "swiss"]
[EventRounds "5"]
[EventCountry "CAN"]

1. e4 e6 2. d4 d5 3. exd5 exd5 4. Bd3 Bd6 5. Nf3 Bg4 6. O-O Ne7 7. Re1 O-O 8.
Bxh7+ Kh8 9. Bd3 Nf5 10. h3 g6 11. hxg4 Nh4 12. g3 Nxf3+ 13. Qxf3 Kg7 14. Kg2
Rh8 15. Nc3 c6 16. Bf4 Be7 17. Rh1 Nd7 18. Rxh8 Kxh8 19. Rh1+ Kg7 20. Bh6+ Kg8
21. g5 Qe8 22. Nd1 a5 23. Ne3 b5 24. Ng4 Bd6 25. Nf6+ Nxf6 26. Qxf6 1-0

[Event "Yanofsky mem. U1800"]
[Site "Winnipeg CAN"]
[Date "2019.08.31"]
[Round "2.6"]
[White "Marshall, Ken"]
[Black "Piche, Zachary"]
[Result "0-1"]
[WhiteElo "1598"]
[BlackElo "1519"]
[PlyCount "56"]
[EventDate "2019.08.30"]
[EventType "swiss"]
[EventRounds "5"]
[EventCountry "CAN"]

1. e4 c5 2. Nf3 d6 3. d4 cxd4 4. Nxd4 Nf6 5. Nc3 a6 6. Bc4 e6 7. a3 Nbd7 8. Be3
b5 9. Ba2 Bb7 10. f3 Nb6 11. Qd2 Rc8 12. O-O d5 13. e5 Nfd7 14. Rfe1 Nxe5 15.
b3 Bxa3 16. Bg5 Qc7 17. Bf4 Nbd7 18. Re3 Bb2 19. Ndxb5 axb5 20. Nxb5 Qc5 21.
Rb1 d4 22. Rxb2 dxe3 23. Nd6+ Ke7 24. Nxc8+ Rxc8 25. Bxe3 Qc6 26. c4 Nf6 27.
Qe2 Rd8 28. Bf4 Nd3 0-1

[Event "Yanofsky mem. U1800"]
[Site "Winnipeg CAN"]
[Date "2019.08.31"]
[Round "2.7"]
[White "Myrzaibraimova, Alia"]
[Black "Remillard, John"]
[Result "0-1"]
[WhiteElo "1004"]
[BlackElo "1598"]
[PlyCount "72"]
[EventDate "2019.08.30"]
[EventType "swiss"]
[EventRounds "5"]
[EventCountry "CAN"]

1. e4 c5 2. Nf3 Nc6 3. Bc4 e6 4. d4 cxd4 5. Nxd4 Bc5 6. Nxc6 bxc6 7. O-O Qb6 8.
b3 Bd4 9. c3 Be5 10. Be3 Qc7 11. f4 Bf6 12. Bd4 d5 13. Bxf6 Nxf6 14. exd5 cxd5
15. Bd3 Qb6+ 16. Kh1 Ba6 17. b4 Bxd3 18. Qxd3 Ne4 19. Qd4 Qxd4 20. cxd4 Rc8 21.
Na3 Ke7 22. g3 a6 23. b5 Rc3 24. Nb1 Rd3 25. a4 Rxd4 26. b6 Rb4 27. a5 Rc8 28.
Kg2 f5 29. Na3 Rb2+ 30. Kh3 Nf2+ 31. Kh4 Ne4 32. Kh3 Kf6 33. Rab1 Ra2 34. Rfc1
g5 35. Rxc8 g4+ 36. Kh4 Rxh2# 0-1

[Event "Yanofsky mem. U1800"]
[Site "Winnipeg CAN"]
[Date "2019.08.31"]
[Round "2.8"]
[White "Myrzaibraimova, Aibike"]
[Black "Trueman, Francis"]
[Result "1-0"]
[WhiteElo "1503"]
[BlackElo "1462"]
[PlyCount "27"]
[EventDate "2019.08.30"]
[EventType "swiss"]
[EventRounds "5"]
[EventCountry "CAN"]

1. e4 d6 2. d4 Nf6 3. Nc3 g6 4. f3 Bg7 5. Be3 O-O 6. Bc4 c6 7. Bb3 Qc7 8. Qd2
e5 9. Nge2 Nbd7 10. a3 a5 11. g4 h5 12. Bh6 hxg4 13. Qg5 Nh7 14. Qxg6 1-0

[Event "Yanofsky mem. U1800"]
[Site "Winnipeg CAN"]
[Date "2019.08.31"]
[Round "3.1"]
[White "Melnyk, Jim"]
[Black "Samson, Larry"]
[Result "0-1"]
[WhiteElo "1703"]
[BlackElo "1726"]
[PlyCount "132"]
[EventDate "2019.08.30"]
[EventType "swiss"]
[EventRounds "5"]
[EventCountry "CAN"]

1. e4 c5 2. d3 Nc6 3. Nd2 Nf6 4. Ngf3 Qc7 5. g3 e6 6. Qe2 Be7 7. Bg2 O-O 8. O-O
b5 9. Re1 e5 10. Nf1 h6 11. h4 Ng4 12. Bh3 d6 13. N3h2 Nxh2 14. Bxc8 Nxf1 15.
Bh3 Nxg3 16. fxg3 Nd4 17. Qf2 c4 18. c3 Ne6 19. Qe2 cxd3 20. Qxd3 Qc4 21. Qf3
a6 22. Qg4 Kh7 23. Be3 g6 24. Qf3 Ng7 25. Bf1 Qc6 26. Bg2 f5 27. exf5 Qxf3 28.
Bxf3 Nxf5 29. Bxa8 Nxe3 30. Rxe3 Rxa8 31. Re4 Rc8 32. a4 Rc4 33. Rxc4 bxc4 34.
Kf2 Kg7 35. Kf3 Kf7 36. Ke4 Ke6 37. Rd1 Bd8 38. Rd5 Bb6 39. g4 Bc5 40. Rd1 a5
41. Rd5 Kf6 42. Rd1 Ke6 43. Rd2 Bb6 44. Rd5 Bc5 45. Rd2 Bb6 46. Kf3 d5 47. Ke2
e4 48. Rd1 Ke5 49. Rb1 d4 50. cxd4+ Bxd4 51. Rc1 Kd5 52. Rc2 Kc5 53. b3 c3 54.
Rc1 Kb4 55. Rd1 Bf6 56. g5 hxg5 57. hxg5 Bxg5 58. Rd4+ Kxb3 59. Rd5 c2 60. Rb5+
Kxa4 61. Rxg5 c1=Q 62. Rxg6 e3 63. Rg3 Qd2+ 64. Kf3 Qf2+ 65. Kg4 Qxg3+ 66. Kxg3
Kb3 0-1

[Event "Yanofsky mem. U1800"]
[Site "Winnipeg CAN"]
[Date "2019.08.31"]
[Round "3.2"]
[White "MacPherson, Al"]
[Black "Eckert, Ethan"]
[Result "0-1"]
[WhiteElo "1704"]
[BlackElo "1620"]
[PlyCount "96"]
[EventDate "2019.08.30"]
[EventType "swiss"]
[EventRounds "5"]
[EventCountry "CAN"]

1. d4 g6 2. c4 Nf6 3. Nc3 Bg7 4. e4 d6 5. f4 O-O 6. Nf3 c5 7. d5 e6 8. Bd3 exd5
9. cxd5 a6 10. a4 a5 11. O-O Na6 12. Bxa6 bxa6 13. Re1 Qb6 14. Qc2 Rb8 15. Nd1
Ne8 16. Nd2 Qb4 17. Ra3 f5 18. Kh1 fxe4 19. Rb3 Qxa4 20. Rxe4 Bf5 21. Rxa4 Bxc2
22. Rxb8 Bxa4 23. Nc3 Bxc3 24. bxc3 Rxf4 25. g3 Rf8 26. Kg2 Nf6 27. Rxf8+ Kxf8
28. c4 Bc2 29. Kf3 Nd7 30. Ke3 Ne5 31. Ke2 a4 32. Ba3 Bd3+ 33. Kf2 Bxc4 34. Ne4
Ke7 35. Nxc5 dxc5 36. Bxc5+ Kd7 37. Ba3 Bxd5 38. Ke2 Bf3+ 39. Kf2 Nc4 40. Bf8
Bd5 41. Ke2 a3 42. Kd1 a2 43. Bg7 Be4 44. Kc1 Kd6 45. Bf6 a5 46. Ba1 a4 47. Bf6
a3 48. Bg7 Ne5 0-1

[Event "Yanofsky mem. U1800"]
[Site "Winnipeg CAN"]
[Date "2019.08.31"]
[Round "3.3"]
[White "Remillard, John"]
[Black "Marshall, Carter"]
[Result "1-0"]
[WhiteElo "1598"]
[BlackElo "1555"]
[PlyCount "63"]
[EventDate "2019.08.30"]
[EventType "swiss"]
[EventRounds "5"]
[EventCountry "CAN"]

1. Nf3 c5 2. c4 b5 3. cxb5 a6 4. e3 axb5 5. Bxb5 Ba6 6. Bxa6 Nxa6 7. O-O Nb4 8.
Ne1 Rxa2 9. Rxa2 Nxa2 10. Nc3 Nxc3 11. bxc3 Nf6 12. Ba3 Ne4 13. f3 Qa8 14. Nc2
Nf6 15. Bxc5 d6 16. Bb4 g6 17. Qe2 Qc6 18. Ra1 Bg7 19. Nd4 Qc8 20. Ra7 O-O 21.
e4 e5 22. Nb5 d5 23. Bxf8 Bxf8 24. Kf1 dxe4 25. fxe4 Bc5 26. Rc7 Qf8 27. Qc4
Bb6 28. Rc8 Ne8 29. Qc6 Qh6 30. Qxe8+ Kg7 31. Qf8+ Kf6 32. Qxh6 1-0

[Event "Yanofsky mem. U1800"]
[Site "Winnipeg CAN"]
[Date "2019.08.31"]
[Round "3.4"]
[White "Piche, Zachary"]
[Black "Czarny, Keith"]
[Result "1-0"]
[WhiteElo "1519"]
[BlackElo "1669"]
[PlyCount "57"]
[EventDate "2019.08.30"]
[EventType "swiss"]
[EventRounds "5"]
[EventCountry "CAN"]

1. Nf3 e6 2. c4 f5 3. Nc3 Nf6 4. g3 g6 5. Bg2 Bg7 6. O-O O-O 7. d4 c6 8. Bg5
Qb6 9. Qd2 d5 10. cxd5 exd5 11. e3 Ne4 12. Nxe4 fxe4 13. Ne5 Nd7 14. Nxd7 Bxd7
15. f3 exf3 16. Rxf3 Rxf3 17. Bxf3 h6 18. Be7 Qc7 19. Bb4 Bh3 20. e4 dxe4 21.
Bxe4 Qf7 22. Qd3 Rd8 23. Bc3 Rd6 24. Rd1 Rf6 25. d5 Rf2 26. dxc6 bxc6 27. Bxg7
Kxg7 28. Qd4+ Kh7 29. Qxf2 1-0

[Event "Yanofsky mem. U1800"]
[Site "Winnipeg CAN"]
[Date "2019.08.31"]
[Round "3.5"]
[White "Trinidad, Kris"]
[Black "Myrzaibraimova, Aibike"]
[Result "0-1"]
[WhiteElo "1642"]
[BlackElo "1503"]
[PlyCount "86"]
[EventDate "2019.08.30"]
[EventType "swiss"]
[EventRounds "5"]
[EventCountry "CAN"]

1. d4 d5 2. c4 e6 3. Nc3 Nf6 4. Nf3 Be7 5. Bg5 O-O 6. e3 b6 7. cxd5 Nxd5 8.
Bxe7 Nxe7 9. Be2 Bb7 10. O-O Nd7 11. Rc1 Nf6 12. Ne5 Rc8 13. Qc2 a6 14. Rfd1
Ned5 15. Nxd5 Nxd5 16. a3 Qg5 17. Bf1 c5 18. Nf3 Qe7 19. Qb3 b5 20. dxc5 Rxc5
21. Rxc5 Qxc5 22. Nd4 Rd8 23. Nxe6 fxe6 24. e4 Rf8 25. Rd2 Nc7 26. Rc2 Qb6 27.
Bd3 Qd6 28. f3 Rd8 29. Be2 Kf8 30. Rc1 e5 31. Kf1 Bc8 32. Qc3 Ne6 33. Qa5 Nd4
34. Rd1 Bb7 35. f4 Kg8 36. fxe5 Rf8+ 37. Bf3 Qxe5 38. Qc3 Nxf3 39. Qb3+ Kh8 40.
gxf3 Qxh2 41. Qf7 Qh1+ 42. Kf2 Qh4+ 43. Kf1 Rxf7 0-1

[Event "Yanofsky mem. U1800"]
[Site "Winnipeg CAN"]
[Date "2019.08.31"]
[Round "3.6"]
[White "Leaden, Bruce"]
[Black "Myrzaibraimov, Azamat"]
[Result "1-0"]
[WhiteElo "1514"]
[BlackElo "1591"]
[PlyCount "91"]
[EventDate "2019.08.30"]
[EventType "swiss"]
[EventRounds "5"]
[EventCountry "CAN"]

1. f4 d5 2. Nf3 Bg4 3. e3 Nc6 4. Be2 Nf6 5. b3 e6 6. Bb2 Ne4 7. Nc3 Bxf3 8.
Bxf3 Qh4+ 9. g3 Nxc3 10. Bxc3 Qd8 11. Qe2 a6 12. O-O-O Nb4 13. Kb1 c5 14. a3
Nc6 15. d3 b5 16. Bb2 a5 17. c4 b4 18. a4 Ra7 19. cxd5 exd5 20. Qg2 Ne7 21. h4
g6 22. Bxh8 Rd7 23. Rhe1 Qc8 24. Bf6 Ng8 25. Bb2 Ne7 26. e4 d4 27. Bg4 h5 28.
Bxd7+ Qxd7 29. Rc1 Nc6 30. Rc2 Qe6 31. Ka2 f5 32. exf5 Qxe1 33. Qxc6+ Kd8 34.
fxg6 Qe3 35. Qe4 Qxg3 36. Re2 Bd6 37. Qe8+ Kc7 38. Qf7+ Kc6 39. g7 Qxd3 40. Qe6
c4 41. Qxc4+ Qxc4 42. bxc4 d3 43. Rd2 Kc5 44. g8=Q b3+ 45. Kxb3 Bb8 46. Qd5+
1-0

[Event "Yanofsky mem. U1800"]
[Site "Winnipeg CAN"]
[Date "2019.08.31"]
[Round "3.8"]
[White "Furda, Ievgeniia-Diana"]
[Black "Marshall, Ken"]
[Result "1-0"]
[WhiteElo "1553"]
[BlackElo "1598"]
[PlyCount "61"]
[EventDate "2019.08.30"]
[EventType "swiss"]
[EventRounds "5"]
[EventCountry "CAN"]

1. e4 e5 2. Nf3 Nc6 3. d4 exd4 4. Nxd4 Qf6 5. c3 Bc5 6. Be3 Nge7 7. Nc2 Bxe3 8.
Nxe3 d6 9. Nd5 Nxd5 10. exd5 Ne7 11. Be2 O-O 12. O-O Qg5 13. Bf3 Bd7 14. Nd2
Nxd5 15. Ne4 Qe5 16. Re1 Rfe8 17. Qd2 Bc6 18. Ng3 Qf4 19. Qd3 Ne7 20. Nh5 Qg5
21. Bxc6 Nxc6 22. Ng3 Rxe1+ 23. Rxe1 Ne5 24. Qe4 Qg6 25. Nf5 Re8 26. Kf1 Kf8
27. f4 d5 28. Qb4+ Kg8 29. Ne7+ Rxe7 30. Qxe7 Qd3+ 31. Kg1 1-0